Fr. Conceicao Rodrigues College of Engineering

Osborne Windows Programming Series Vol 2 (Record no. 18898)

MARC details
000 -LEADER
fixed length control field 00323nam a2200145Ia 4500
082 ## - DEWEY DECIMAL CLASSIFICATION NUMBER
Classification number 5.13
Item number PAN
100 ## - MAIN ENTRY--PERSONAL NAME
Personal name Schildt/ & others
245 ## - TITLE STATEMENT
Title Osborne Windows Programming Series Vol 2
260 ## - PUBLICATION, DISTRIBUTION, ETC.
Name of publisher, distributor, etc. Osborne
Place of publication, distribution, etc. New York
Date of publication, distribution, etc. 1994
490 ## - SERIES STATEMENT
Volume/sequential designation II
546 ## - LANGUAGE NOTE
Language note ENGLISH
654 ## - SUBJECT ADDED ENTRY--FACETED TOPICAL TERMS
Focus term Computer
942 ## - ADDED ENTRY ELEMENTS (KOHA)
Koha item type BOOK
Holdings
Withdrawn status Lost status Damaged status Not for loan Collection Home library Current library Date acquired Source of acquisition Cost, normal purchase price Total Checkouts Full call number Barcode Date last seen Cost, replacement price Price effective from Koha item type
        CRC Fr. Agnel's C.Rodrigues College of Engineering Fr. Agnel's C.Rodrigues College of Engineering 17/03/2023 global books 1104.42   5.13 PAN 7280 17/03/2023 1104.42   BOOK
        CRC Fr. Agnel's C.Rodrigues College of Engineering Fr. Agnel's C.Rodrigues College of Engineering 17/03/2023 Unique 1104.42   5.13 PAN 7281 17/03/2023 1104.42   BOOK